Open Data Biblioteca Nacional de Portugal


República Portuguesa: Ministério da Cultura
Biblioteca Nacional de Portugal

Catálogo da BNP: acesso por Identificadores Unívocos
Registos Bibliográficos associados ao registo de autoridade

Etiqueta de registo: 00254nam 2200025 450
001 2286498
003 http://id.bnportugal.gov.pt/bib/catbnp/2286498
010 ## $a978-989-35061-1-0
021 ## $aPT$b521153/23
100 ## $a20260519d2023 m y0pory01030103ba
101 0# $apor
102 ## $aPT
105 ## $aa b 000yy
106 ## $ar
200 1# $a As chitas de Alcobaça$ecolecção Pereira Sampaio$fcoord. Jorge Pereira Sampaio$gtextos Charlotte du Vivier-Lebrun... [et al.]
210 #9 $aAlcobaça$cADEPA - Associação para a Defesa e Valorização do Património da Região de Alcobaça,$d2023
215 ## $a67, [13] p.$cil.$d30 cm
675 ## $a677.07(469.325)(083.82)$vBN$zpor$31536322
701 #1 $aVivier-Lebrun,$bCharlotte du$4070$31998703
702 #1 $aSampaio,$bJorge,$f1965-$4340$3197063
801 #0 $aPT$bBN$gRPC
856 41 $uhttp://rnod.bnportugal.gov.pt/ImagesBN/winlibimg.aspx?skey=&doc=2286498&img=223654&save=true
966 ## $lBN$mFGMON$sS.A. 194102 V.$x1
971 ## $casantos$d20260519
973 ## $cigoulao$d20260622

OpendataBNP@bnportugal.pt | Mais informação sobre acesso aos dados BNP